Universal Human Values and Professional Ethics (Record no. 12154)

MARC details
000 -LEADER
fixed length control field 00378nam a22001577a 4500
003 - CONTROL NUMBER IDENTIFIER
control field OSt
008 - FIXED-LENGTH DATA ELEMENTS--GENERAL INFORMATION
fixed length control field 240102b |||||||| |||| 00| 0 eng d
020 ## - INTERNATIONAL STANDARD BOOK NUMBER
International Standard Book Number 9789350147467
082 ## - DEWEY DECIMAL CLASSIFICATION NUMBER
Classification number 174 SOU
100 ## - MAIN ENTRY--PERSONAL NAME
Personal name SORYAN,Ritu
245 ## - TITLE STATEMENT
Title Universal Human Values and Professional Ethics
250 ## - EDITION STATEMENT
Edition statement 1st Ed
260 ## - PUBLICATION, DISTRIBUTION, ETC. (IMPRINT)
Place of publication, distribution, etc New Delhi
Name of publisher, distributor, etc Katsons
Date of publication, distribution, etc 2022
300 ## - PHYSICAL DESCRIPTION
Extent 300
942 ## - ADDED ENTRY ELEMENTS (KOHA)
Source of classification or shelving scheme Dewey Decimal Classification
Koha item type Text Books
Holdings
Withdrawn status Lost status Source of classification or shelving scheme Damaged status Not for loan Collection code Home library Current library Date acquired Source of acquisition Currency Cost, normal purchase price Bill Number Total Checkouts Full call number Acc. no. / Barcode Date last seen Actual Cost, discounted price Bill Date Koha item type Date last borrowed
    Dewey Decimal Classification     BBA PIET C-LIBRARY PIET C-LIBRARY 20/12/2023 Zafaa Books and Distributors In rupees 325.00 ZBD0291   170 SOU 35241 02/01/2024 235.60 20/12/2023 Text Books  
    Dewey Decimal Classification     BBA PIET C-LIBRARY PIET C-LIBRARY 20/12/2023 Zafaa Books and Distributors In rupees 325.00 ZBD0291 4 170 SOU 35242 26/09/2025 235.60 20/12/2023 Text Books 16/09/2025
    Dewey Decimal Classification     BBA PIET C-LIBRARY PIET C-LIBRARY 20/12/2023 Zafaa Books and Distributors In rupees 325.00 ZBD0291 2 170 SOU 35243 10/01/2026 235.60 20/12/2023 Text Books 30/12/2025
    Dewey Decimal Classification     BBA PIET C-LIBRARY PIET C-LIBRARY 20/12/2023 Zafaa Books and Distributors In rupees 325.00 ZBD0291 4 170 SOU 35244 10/01/2026 235.60 20/12/2023 Text Books 06/01/2026
    Dewey Decimal Classification     BBA PIET C-LIBRARY PIET C-LIBRARY 20/12/2023 Zafaa Books and Distributors In rupees 325.00 ZBD0291 4 170 SOU 35245 10/01/2026 235.60 20/12/2023 Text Books 30/12/2025

Design & Developed by: PIET Central Library
R70 Miles Stone Pattikalyana Samalkha Panipat 132102
mail ID :- [email protected], Phone No:- 0180-2569700 Ex.216